| 000 | 00783nam0a22002651 4500 | ||
|---|---|---|---|
| 001 | rc\2880486 | ||
| 005 | 20250529213415.0 | ||
| 035 | _a(NLR Aleph) 007033346 | ||
| 090 |
_a6025240 _c6025240 |
||
| 100 | _a20110719d1927 |||y0rusy50 ca | ||
| 101 | 0 | _arus | |
| 102 | _aRU | ||
| 105 | _ay z ||||| | ||
| 200 | 1 |
_aПроституция и новый быт _fд-р А.Н. Каров |
|
| 205 | _a5-е изд., испр. | ||
| 210 |
_a[Москва] _cСветоч _d1927 _eТверь |
||
| 215 |
_a32 с. _d17 см |
||
| 225 | 1 |
_aПоловой вопрос в общедоступных очерках _v№ 9 |
|
| 700 | 1 |
_aКаров _bА.Н. |
|
| 801 | 0 |
_aRU _bNLR _gpsbo |
|
| 801 | 1 |
_aRU _bELAR _2rusmarc |
|
| 852 |
_aNLR _j111/782 |
||
| 942 | _cBOOK | ||
| 980 | _aNB | ||
| 980 | _aSUPPRESS | ||